[Event "Vienna op"]
[Site "Vienna"]
[Date "1996.??.??"]
[Round "9"]
[White "Bologan, Viktor"]
[Black "Tischbierek, Raj"]
[Result "1-0"]
[WhiteElo "2600"]
[BlackElo "2500"]
[Annotator "Chekhov,V"]
[PlyCount "47"]
[EventDate "1996.??.??"]
[EventType "swiss"]
[EventRounds "9"]
[EventCountry "AUT"]
[SourceTitle "CBM 053 Extra"]
[Source "ChessBase"]
[SourceDate "1996.09.01"]
[SourceVersion "1"]
[SourceVersionDate "1996.09.01"]
[SourceQuality "1"]

1. e4 Nf6 2. e5 Nd5 3. d4 d6 4. Nf3 Bg4 5. Be2 e6 6. h3 Bh5 7. c4 Nb6 8. exd6 (
8. O-O Be7 9. Nc3 O-O 10. Be3 d5 11. c5 Bxf3 12. gxf3 $5 $14) 8... cxd6 9. Nc3
Be7 10. d5 $5 (10. Be3 O-O 11. O-O d5 12. c5 N6d7 13. b4 Nc6 14. Rb1 Bg6 15.
Bd3 Bxd3 16. Qxd3 $36 {Kupreichik,V-Rivas Pastor,M/Minsk/1982/1|0/40/}) 10...
e5 11. Be3 (11. c5 $5 dxc5 12. g4 Bg6 13. Bb5+ N8d7 14. d6 Bh4 (14... Bf6 15.
g5 $18) 15. Bxd7+ Nxd7 16. Qa4 b5 (16... O-O 17. g5 $18) 17. Nxb5 O-O 18. g5
$18 {Churova,I-Hallerova,E/CZE/1994/1|0/30/}) 11... Bxf3 12. Bxf3 N8d7 13. Qe2
Rc8 14. b3 f5 15. g4 e4 (15... g6 $2 16. gxf5 gxf5 17. Bh5+ Kf8 18. Bh6+ Kg8
19. Rg1+ $18) (15... f4 16. Bd2 Nc5 17. Ne4 Nbd7 18. Nxc5 Nxc5 19. b4 Nd7 20.
Rc1 O-O 21. Kf1 $14) 16. Bg2 Bf6 17. Nb5 $1 (17. Rc1 Ne5 18. O-O Nd3 19. Rc2
Nb4 20. Rcc1 (20. gxf5 Nxc2 21. Qxc2 Bxc3 22. Qxc3 O-O $132) 20... Nd3 $10)
17... Bxa1 (17... Nc5 18. Bxc5 Rxc5 19. Rd1 a6 20. Nd4 Bxd4 21. Rxd4 Qf6 22.
Qe3 O-O 23. gxf5 Qxf5 24. O-O $16) 18. Nxd6+ Kf8 19. O-O Be5 20. Nxf5 h5 (20...
g6 21. Nd4 Qf6 22. Ne6+ (22. f3 $5) 22... Kg8 23. f3 exf3 24. Rxf3 $146) 21. f4
$1 exf3 (21... Bf6 22. g5 Be7 23. d6 $18) (21... Bb8 22. Bd4 Rg8 23. g5 $36)
22. Qxf3 Kg8 (22... Nf6 23. g5 $18) (22... Qf6 23. g5 Qf7 24. Qe4 $36) 23. d6
Nf6 (23... Bf6 24. g5 Bxg5 25. Bxg5 Qxg5 26. Ne7+ Kh7 27. Qe4+ g6 28. Rf7+ Kh6
29. h4 Qc5+ 30. Kh1 $18) 24. g5 (24. g5 Nbd7 25. Ne7+ Kf7 (25... Kh7 26. Qf5+
$18) (25... Kf8 26. Qd5 $18) 26. Qd5+ $18) 1-0

[Event "YUG Team-ch36"]
[Site "Pula"]
[Date "1984.09.10"]
[Round "5.1"]
[White "Marjanovic, Slavoljub"]
[Black "Kovacevic, Vlatko"]
[Result "0-1"]
[WhiteElo "2525"]
[BlackElo "2555"]
[Annotator "ChessBase/Kovacevic,V"]
[PlyCount "88"]
[EventDate "1984.09.05"]
[EventType "team-tourn"]
[EventRounds "9"]
[EventCountry "YUG"]
[SourceTitle "EXT 2010"]
[Source "ChessBase"]
[SourceDate "2010.11.25"]
[SourceVersion "1"]
[SourceVersionDate "2010.11.25"]
[SourceQuality "1"]
[WhiteTeam "Nis Zeleznicar"]
[BlackTeam "Zagreb Mladost"]
[WhiteTeamCountry "YUG"]
[BlackTeamCountry "YUG"]

1. e4 {1)Sahovski Glasnik 1984, p.410} Nf6 2. e5 Nd5 3. d4 d6 4. Nf3 Bg4 5. Be2
c6 6. Ng5 Bf5 7. Bh5 (7. e6 $5) 7... g6 8. Bg4 Bxg4 9. Qxg4 dxe5 10. dxe5 h6
11. Ne4 Qd7 $1 12. Qe2 Bg7 13. f4 Na6 14. a3 O-O 15. O-O {[#]} f6 $1 16. exf6
exf6 17. f5 Rfe8 18. Qd3 Qe7 $1 19. Ng3 g5 20. b4 Rad8 21. Qf3 Qe5 22. Ra2 Qd4+
23. Qf2 Qxf2+ 24. Kxf2 b5 25. c4 bxc4 26. Rc2 c5 $1 27. b5 Nac7 28. Rxc4 Bf8
29. a4 Nb6 30. Rg4 Rd4 $1 31. Rxd4 cxd4 32. a5 Nc4 33. Bxg5 hxg5 34. Rc1 Ne3
35. Rxc7 Ng4+ 36. Kf1 Nxh2+ 37. Kf2 Bd6 38. Rb7 d3 39. Nh5 Re2+ 40. Kg1 Ng4 41.
Kf1 Bb4 42. g3 Nh2+ 43. Kg1 Bc5+ 44. Kh1 Ng4 0-1

[Event "Moscow Aeroflot op-A"]
[Site "Moscow"]
[Date "2006.02.16"]
[Round "9"]
[White "Predojevic, Borki"]
[Black "Shabalov, Alexander"]
[Result "0-1"]
[WhiteElo "2553"]
[BlackElo "2595"]
[Annotator "Cox,J"]
[PlyCount "120"]
[EventDate "2006.02.08"]
[EventType "swiss"]
[EventRounds "9"]
[EventCountry "RUS"]
[SourceTitle "CBM 112"]
[Source "ChessBase"]
[SourceDate "2006.06.07"]
[SourceVersion "1"]
[SourceVersionDate "2006.06.07"]
[SourceQuality "1"]

1. e4 Nf6 2. e5 Nd5 3. d4 d6 4. Nf3 Bg4 5. Be2 e6 6. O-O Be7 7. h3 Bh5 8. c4
Nb6 9. exd6 cxd6 10. a4 {White has a massive score with this rare move, which
appears to be mainly the intellectual property of Eric Prie. Maybe it should
be commoner - certainly Shabalov doesn't demonstrate a totally convincing
method against it in the game.} O-O (10... a5 {has been commonest here and was
the choice of Vasyukov, while} 11. Na3 O-O 12. Nb5 Nc6 13. b3 {was nothing
much for White in R.Godes-E.Vasyukov, USSR Otborochnii tournament 1979,}) ({
while the untried} 10... d5 11. c5 Bxf3 12. Bxf3 N6d7 13. b4 $13 {was offered
by Hort.}) 11. a5 N6d7 12. Nc3 (12. Be3 f5 13. Nc3 Na6 14. Re1 Bf7 15. b4 $16 {
L.M.Evans-Martz, US Champs 1972}) 12... a6 13. Be3 Qc7 14. Qa4 Rc8 15. Rfc1 Qd8
16. Qa2 {A curious move. This was one of a number of stages in the opening
where taking the space and playing against the c6 knight with d5 looks very
tempting for White.} (16. d5 e5 (16... exd5 17. Nxd5) 17. Qb3 Qc7 18. Na4 {
, for example, leaves Black really struggling to develop his pieces, so he
might have to try 16...Bxf3 17 Bxf3 Ne5 instead, but White must be better then.
}) 16... Nf6 17. d5 {It seems strang e for White to arrange this at a moment
when Black can capture and Nxd5 is met by ...Nxd5. The strong impression is
that White fails to make the most of his chances in this phase of the game.}
exd5 18. cxd5 Nbd7 19. b4 Bg6 {Shabalov aims to keep it complex. Instead} (
19... Ne5 {, aiming for some exchanges to relieve Black's cramp, was a
possibility.}) 20. Qb3 (20. Nh4 Rxc3 21. Rxc3 Ne4 22. Nxg6 Nxc3 23. Nxe7+ Qxe7
24. Qc4 Nxe2+ 25. Qxe2 $11) 20... Rc7 (20... Ne4 21. Nxe4 Bxe4 22. Nd2 Bg6 23.
Nc4 $14 {at least, but again perhaps 20...Ne5 was an alternative.}) 21. Nh4 Ne8
22. Nxg6 hxg6 23. Na4 {In playing this I think White must have underestimated
the counterplay Shabalov's next allows him to generate. Instead} (23. Ne4 {
would have prevented Black's next and allowed White to continue pressing.})
23... Bg5 24. f4 Rxc1+ 25. Rxc1 Bh6 26. Nb6 $2 {With this move White
definitely allows Shabalov's ingenious play more rein that it deserves.} (26.
g3 g5 27. f5 Nef6 28. Re1 {is not clear at all, but}) (26. Qd3 g5 27. Nb6 {
seems to keep the advantage, because} gxf4 $6 (27... Nxb6 28. fxg5 Bxg5 29.
Bxb6 Qe7 {seems to be forced but White retains the advantage after} 30. Rc2)
28. Nxa8 fxe3 29. Nb6 Nxb6 30. axb6 Qh4 {comes up short after} 31. Rf1 {
, and now if} Bf4 {the cruel tactical sequence} 32. Qf5 $1 g5 33. Bh5 $3 Qxh5
34. Rxf4 $18 {disillusions Black.}) 26... Nxb6 27. Bxb6 Qh4 $13 28. g3 (28. Rf1
Bxf4 29. Qf3 g5 30. Bf2 Qh6 31. g3 Be5 {is no good for White either.}) 28...
Qxh3 29. Qd3 Nf6 30. Bf1 (30. Rc7 {was possible and might have obliged Black
to take a draw since} Re8 31. Rxb7 Nxd5 {doesn't seem quite enough:} (31...
Rxe2 32. Qxe2 Qxg3+ 33. Qg2 $11) (31... Ng4 32. Bxg4 Qxg4 33. Kg2 Bxf4 34. Qf3
$16) 32. Bf2 Ne3 33. Bf1 $16 Nxf1 34. Qxf1 Qg4 35. Qxa6 Bxf4 36. Qc4 $18) 30...
Qh5 31. Be2 {No doubt with the text White was hoping for 31...Qxd5 32 Qxd5
Nxd5 when White's active pieces give him decent drawing chances while Black
has to spend some time to extricate his bishop, but after Shabalov's next it
is hard for White.} (31. Rc7 Re8 32. Rxb7 Ng4 33. Qd2 Re1 {looks completely
terrifying, but it isn't clear that Black has anything better than perpetual
check after.} 34. b5 Nh2 35. Qxe1 Nf3+ 36. Kf2 Nxe1 37. Kxe1 Qf3 38. bxa6 Qxg3+
39. Ke2 Qh2+ 40. Ke1 Bxf4 41. Be2) 31... Ng4 $1 32. Qf3 Qh2+ 33. Kf1 f5 34. Qg2
(34. Bg1 Qh3+ 35. Qg2 Qh5 {is similar and also gives Black very good chances
with his plan of ...g5.}) 34... Qh5 (34... Bxf4 35. Rc7 Re8 {was possible and
objectively maybe even better, but one can see why Shabalov avoided it;
without queens the a-pawn is very dangerous and especially if the players were
short of time it must be practically better to keep the initiative..}) 35. Kg1
g5 36. Rf1 Rc8 37. fxg5 Bxg5 38. Bxg4 Qxg4 39. Qf3 Rc4 40. Qxg4 fxg4 $17 {
The smoke clears and Black is at least much better and perhaps simply winning
already.} 41. Re1 Kf7 42. Re6 Be7 43. Kf1 Rxb4 44. Bc7 Rb5 45. Bxd6 Bd8 46. Re5
Rxa5 47. Rf5+ Kg6 48. Rf8 Bf6 49. Rb8 Rxd5 $19 50. Bf4 Rb5 51. Ke2 Be5 52. Bxe5
Rxe5+ 53. Kd3 Rb5 54. Ke4 a5 55. Ra8 Rb4+ 56. Ke5 a4 57. Ra7 b6 58. Ke6 b5 59.
Ke5 Rb3 60. Kf4 a3 {A game rather typical of Shabalov's style: White must have
been better but he just couldn't keep control of the tactics. As to the
opening I rather suspect 10...a5 is objectively sounder.} 0-1

[Event "ARM-ch"]
[Site "Yerevan"]
[Date "2005.05.08"]
[Round "9"]
[White "Galstian, Beniamin"]
[Black "Minasian, Ara"]
[Result "1-0"]
[WhiteElo "2448"]
[BlackElo "2510"]
[Annotator "Cox,J"]
[PlyCount "129"]
[EventDate "2005.04.29"]
[EventType "tourn"]
[EventRounds "11"]
[EventCountry "ARM"]
[EventCategory "11"]
[SourceTitle "CBM 107"]
[Source "ChessBase"]
[SourceDate "2005.08.01"]
[SourceVersion "1"]
[SourceVersionDate "2005.08.01"]
[SourceQuality "1"]

1. e4 Nf6 2. e5 Nd5 3. d4 d6 4. Nf3 Bg4 5. Be2 e6 6. O-O Be7 7. c4 Nb6 8. h3
Bh5 9. Nc3 O-O 10. Be3 d5 11. c5 Bxf3 12. gxf3 Nc8 {The tabiya of the old main
line with 4...Bg4; once considered almost the most important position in the
whole Alekhine, although Black doesn't enter into it so much any more.} 13. f4
Nc6 14. b4 {White has other moves, but these are perhaps the most common.} Bh4
{An awkward-looking move, but Black has to vacate e7 for his knights. One
reason White would be better off if he hadn't inserted h3 is that he could
meet such a move with Qg4, and if ...f5 or ....h5 then Qh3. By this means he
could make it very difficult for Black to untangle his knights at all.} (14...
a6 {is the most thematic alternative.}) 15. b5 {This seems the most natural,
finding out what Black intends to do with his knights, but} (15. Rb1 {is also
played. A recent example was} N8e7 16. Bd3 g6 17. Kh2 (17. Qf3 Nf5 18. Bxf5
gxf5 19. Qh5 Kh8 20. Kh2 Rg8 21. Qxf7 Qe8 {was equal in Kindermann-Baburin,
Bundesliga 1998}) 17... Nf5 18. Bxf5 exf5 19. Rg1 (19. Qf3 Ne7 20. b5 {(Finkel)
might be better, keeping the knight off the circuit which leads to e6}) 19...
Qd7 20. Qf3 Rfd8 {, which saw White getting nowhere fast in Fedorowicz-Baburin,
Imre Konig memorial, 2002.}) 15... N6e7 (15... Na5 {is commoner.} 16. Bd3 g6
17. Qg4 Kh8 (17... f5 18. Qg2 Ne7 19. Kh2 b6 20. c6 a6 21. a4 Nc4 22. Ne2 Nxe3
23. fxe3 a5 $11 {was Macdonald-Palatnik, Hastings 1999}) 18. Kh2 Rg8 19. Ne2 c6
20. a4 f5 21. exf6 $1 {led to a classic White win in Sanakoyev-David, corres
1988-1992}) 16. Bd3 f5 {A new move so far as I can see. In Jansa-Velicka,
Czech Champs 1997, Black played} (16... g6 17. Kh2 ({According to Sanakoyev
the problem with Black's play is} 17. Qg4 Nf5 18. Bxf5 exf5 19. Qf3 c6 20. bxc6
bxc6 21. Rfb1 {, "and the position opens up before Black is ready to contest
the b-file". This is true, and for that reason maybe 19...Ne7 is preferable to
19...c6.}) 17... Nf5 18. Bxf5 exf5 19. Qb3 Ne7 20. Ne2 {, and now it seems to
me that 20...a6 was better than Velicka's 20...Kh8, (with the idea of ...Ng8
and ...Be7 to meet White's plan of Ng1-f3; the knight proved out of play on g8
and White basically won on the queen side.}) 17. Kh2 Ng6 {A little bit of an
unusual plan; with this structure Bagirov used to play ...Kh8, ..Ng8-...h6...
f7, ....Rg8 and then ....g5.} 18. Rg1 Qe8 19. Qf3 Kh8 20. a4 Bd8 21. a5 Nce7
22. Qg3 Ng8 23. Be2 Bh4 24. Qg2 N8e7 {White is definitely better here: Black
normally does not like to allow White the c5/b5/a5 trio in this line, and
Black's pieces are even more passive than usual.} 25. Nb1 {White often brings
this knight to f3 in this line to annoy the h4 bishop, although e2/g2/f3 is a
more familiar route.} Rg8 26. Nd2 Nf8 27. Nf3 Neg6 28. Rgc1 Be7 29. c6 b6 {
This pawn formation is normally bad news for Black: he cannot contest the
a-file in the long run and then is terribly cramped. An open b-file is not so
hard to cope with.} 30. Qg3 Qd8 31. Kh1 Rc8 32. Bd2 h6 33. Rg1 Nh4 34. Nh2 g6
35. Qb3 Rg7 36. axb6 axb6 37. Ra7 Kh7 38. Nf1 Kh8 39. Ng3 Nh7 40. Rga1 Rg8 41.
Qa4 g5 {Whether White could have cracked Black's shell if he had sat and
waited is an interesting question: evidently Minasian thought so, but what
plan White might have employed I am not sure. If White were to double on b7
and a7, trade bishops on b4 and then try to bring the knight to a6 and win the
c-pawn, for example, one can see that some more propitious moment for ...g5
might well arise during that operation.} 42. Qb3 gxf4 43. Bxf4 Bg5 44. Nh5 Bxf4
45. Nxf4 Ng5 (45... Qg5 46. Qg3 Qxg3 47. fxg3 Rxg3 48. Ra8 $18) 46. Qe3 Qe7 47.
f3 Ng6 48. Nh5 Nh7 49. Nf6 Nxf6 50. exf6 f4 51. Qe5 $1 Nxe5 (51... Qf7 52. Qh5
Kh7 53. Bd3 Qxf6 54. Rg1 Rg7 55. Rg4 Qf7 56. Ra1 $18) 52. fxe7 Ng6 53. Bd3 Nh4
54. Rg1 Rge8 55. Rg4 Nxf3 56. Rxf4 Ng5 57. Rxc7 Rxc7 58. Rf8+ Kg7 59. Rxe8 Kf7
60. Bg6+ Kf6 61. h4 Ne4 62. Rf8+ Kxe7 63. Rf7+ Kd6 64. Rxc7 Kxc7 65. Bxe4 {
A nicely conducted game by White.} 1-0

[Event "RUS-ch sf 58th"]
[Site "Kazan"]
[Date "2005.09.08"]
[Round "6"]
[White "Bryzgalin, Kirill"]
[Black "Sorokin, Maxim"]
[Result "1/2-1/2"]
[WhiteElo "2480"]
[BlackElo "2567"]
[Annotator "Cox,J"]
[PlyCount "51"]
[EventDate "2005.09.03"]
[EventType "swiss"]
[EventRounds "9"]
[EventCountry "RUS"]
[SourceTitle "CBM 109"]
[Source "ChessBase"]
[SourceDate "2005.11.14"]
[SourceVersion "1"]
[SourceVersionDate "2005.11.14"]
[SourceQuality "1"]

1. e4 Nf6 2. e5 Nd5 3. d4 d6 4. Nf3 Bg4 5. Be2 e6 6. c4 Nb6 7. exd6 cxd6 8. O-O
Be7 9. Nbd2 Nc6 10. b3 O-O 11. Bb2 {A slightly old-fashioned position; neither
4....Bg4 nor 7 exd6 are as popular as they once were, and 9 Nc3 is commoner
than what White plays here.} a5 (11... d5 {and}) (11... Bf5 {have been the
main moves: in the former case usually Black has aimed to play with ...a6
rather than ....a5.}) 12. a3 d5 {It's not clear this is the correct moment for
this. Black can play ...d5 at any time and probably White will reply c5, but
it's possible that Black has more moves to make first which improve his
position after ...d5; c5 than White does. For example} (12... Bf5 13. Re1 Bf6
14. Nf1 d5 15. c5 Nd7 16. Rc1 Be4 17. Ng3 Bxf3 18. Bxf3 b6 19. Bc3 Rb8 20. b4
axb4 21. axb4 bxc5 22. bxc5 g6 23. Re2 Qc7 24. Ra2 Ra8 25. Rxa8 Rxa8 26. Ne2
Ra3 27. Bb2 Ra2 28. Qb3 Qa7 29. Nc3 Rxb2 30. Qxb2 Nxd4 31. Qb4 Bg5 32. Rb1 Qxc5
33. Qxc5 Nxf3+ 34. gxf3 Nxc5 35. Kf1 Bf6 36. Rb8+ Kg7 37. Nb5 Be5 38. Rc8 Nd3
39. Ke2 Nf4+ 40. Kf1 g5 41. Na7 Ng6 42. Kg2 Nh4+ 43. Kh3 h5 44. Nc6 Bf4 45. Nd4
e5 46. Ne2 Nxf3 47. Nxf4 gxf4 48. Kg2 e4 49. Rc5 d4 50. Rxh5 f5 51. Kf1 Kg6 52.
Rh8 d3 53. Rd8 Nxh2+ 54. Ke1 Nf3+ 55. Kd1 Kg5 56. Rd5 Kg4 57. Kc1 e3 {0-1 was
Fedorowicz-Alburt, US 1980, a classic Alekhine game. Here White's 14th
actively hurt him once the typical structure change was effected.}) 13. c5 Nd7
$146 (13... Bxf3 {had been played before, the idea being} 14. Nxf3 Nc8 {
followed by ...Bf6 and ..Ne7-f5. This is a typical idea in the ...cxd6 Exhange
variation, but there ...Nf5 hits a bishop on e3. Here it's a bit of a shot in
the dark, and Black's plan ikn the game (which is not so effective in the
Exchange) works better.}) 14. Bc3 b6 15. b4 bxc5 (15... axb4 16. axb4 Rxa1 17.
Qxa1 e5 {was an alternative, for example} 18. b5 Nxd4 19. Bxd4 exd4 20. c6 Bf6
21. Qd1 Bf5 $1 $13 {These positions with the protected passer on c6 are often
not as good as they appear at first glance in this line.}) 16. dxc5 (16. bxc5 {
was a tamer alternative} Qc7 17. Qa4 e5 18. dxe5 Be6 19. Nb3 Nxc5 20. Nxc5 Bxc5
$11 {, for example. (I don't think Black should play slowly and allow White
perhaps to build up for Nb3 and a siege of the a5 pawn).}) 16... e5 17. b5 d4
18. bxc6 Nxc5 19. Bxa5 (19. Bb2 {is the other critical line. It seems to me
that White can maintain some advantage here, for example} d3 ({Did Black have
some way of obtaining unclear compensation for two pawns? I don't see it -} 
19... Rb8 20. Qc1 $16) 20. Bxe5 Rc8 21. c7 Qd7 22. Nc4 dxe2 23. Qxe2 Qe6 24.
Rfe1 (24. Rae1 {is interesting also}) 24... Bxf3 25. gxf3 Bf6 26. Rad1 Bxe5 27.
Qxe5 Qg6+ 28. Qg3 {, and Black still hasn't recovered his pawn.}) 19... Rxa5
20. Nxd4 {Settling for a draw. More critical was} (20. Nxe5 {. I don't think
White is risking too much here. A couple of sample variations are} Be6 ({or} 
20... Bxe2 21. Qxe2 d3 22. Qf3 Bf6 23. Ndc4 Bxe5 24. Nxe5 Nb3 25. Nc4 Nxa1 26.
Nxa5 Qxa5 27. Qxd3 $16) 21. Re1 Qc7 22. Bc4 Bf6 23. Bxe6 Bxe5 24. Rxe5 Qxe5 25.
Nc4 Qc7 26. Nxa5 fxe6 27. Qe1 Rf5 $14) 20... Bxe2 21. Nxe2 Ra6 $11 22. Nc4 e4
23. Qxd8 Rxd8 24. c7 Rc8 25. Rab1 Rxc7 26. Nf4 1/2-1/2

[Event "Bundesliga 0506"]
[Site "Germany"]
[Date "2006.01.28"]
[Round "8.3"]
[White "Sprenger, Jan Michael"]
[Black "Werner, Dimo"]
[Result "1-0"]
[WhiteElo "2505"]
[BlackElo "2376"]
[Annotator "Cox,J"]
[PlyCount "123"]
[EventDate "2005.10.21"]
[EventType "team-tourn"]
[EventRounds "15"]
[EventCountry "GER"]
[SourceTitle "CBM 111"]
[Source "ChessBase"]
[SourceDate "2006.04.04"]
[SourceVersion "1"]
[SourceVersionDate "2006.04.04"]
[SourceQuality "1"]
[WhiteTeam "Godesberg"]
[BlackTeam "Zehlendorf"]
[WhiteTeamCountry "GER"]
[BlackTeamCountry "GER"]

1. e4 Nf6 2. e5 Nd5 3. d4 d6 4. Nf3 Bg4 5. Be2 c6 6. O-O Bxf3 7. Bxf3 dxe5 8.
dxe5 e6 9. Nd2 Nd7 10. Re1 {White's most popular set-up against Black's solid
variation, dubbed the Flohr-Agzamov system by Burgess in his Alekhine books.}
Qb8 (10... Qc7 11. Nc4 b5 12. Bxd5 cxd5 13. Nd6+ Bxd6 14. Qxd5 {is White's key
trick in this line: the text move aims to avoid this by hiding the queen away
from a pawn on d6. I suspect however that Black's best is to play 10...Qc7 11
Nc4 N7b6 rather than the rash 11....b5, although White is still better.}) 11.
Bxd5 (11. Nc4 b5 12. Nd6+ Bxd6 13. exd6 Qxd6 14. b3 Qc5 15. c4 {(V.Cmilyte-N.
Zhukova, Istanbul Olympiad 2000) was a very sharp idea by the future Mrs
Shirov: in fact since Shirov says in Fire On Board that the two met at this
tournament, one wonders about the parentage of the idea. Anyway Black was
slaughtered in the game. But the text is also rather strong, and much simpler.}
) 11... cxd5 12. c4 Nb6 $146 (12... dxc4 13. Nxc4 Qc7 14. b3 Rd8 {was grim for
Black in M.Bartel-A.Zhigalko, Swidnica open 2000, especially since after} 15.
Bg5 {I'm not sure the future grandmaster would have had much option but to
retract his last move. Given that the text doesn't go so well either it looks
as though 10...Qb8 might be destined for the scrap heap.}) 13. cxd5 Nxd5 14.
Ne4 Bb4 15. Bd2 O-O 16. Bxb4 Nxb4 17. Nf6+ (17. Nd6 {was also quite strong but
Sprenger prefers the bird in the hand.}) 17... gxf6 18. Qg4+ Kh8 19. exf6 Rg8
20. Qxb4 Qd8 21. Qxb7 Qxf6 22. b3 {White should win this position with
reasonable care and Sprenger makes a capable job of it from here on.} a5 23.
Qe4 Rab8 24. Rac1 Rb5 25. Rc4 Rd8 26. g3 Rbd5 27. Kg2 Rf5 28. Re2 h5 {I don't
think this helps much: Black should have just kept his forces as active as
possible and hoped for a chance as White tried to advance.} 29. Qe3 Kh7 30. Rd2
Rg8 31. Rdd4 Qe5 32. Qd3 Kg7 33. Rd7 Rb8 34. Re4 Qf6 35. Qe3 Rbb5 36. Rdd4 Qe7
37. Rf4 Qb7+ 38. Qf3 Qxf3+ 39. Kxf3 Kg6 40. Rxf5 Rxf5+ 41. Ke3 Rc5 42. Kd3 e5
43. Rc4 Rb5 44. f4 {Building a good square for the rook on f4.} Kf5 (44... f6
45. fxe5 fxe5 46. Ke4 {is no better. 44...h4 might have put up more of a fight
but the issue should not be in doubt.}) 45. fxe5 Rxe5 46. Rf4+ Kg6 47. Rh4 Rc5
48. a3 Rc1 49. Kd2 Rc8 50. b4 axb4 51. axb4 Rb8 52. Kc3 f5 53. Kc4 Rc8+ 54. Kd5
{The classical technique. For this frontal attack to work the pawn needs to be
held on the third rank.} Rb8 55. Kc6 Rc8+ 56. Kb7 Rc2 57. b5 Kg5 58. b6 f4 59.
Rxf4 Rxh2 60. Ra4 Rh3 61. Ra3 Kg4 62. Ka7 1-0